West Ham United Goalkeeper By Year - Statistics

General Stats
  • This quiz has been taken 367 times
    121 since last reset
  • The average score is 21 of 60
Answer Stats
Season Goalkeeper % Correct
2022-23 Łukasz Fabiański
94%
2021-22 Łukasz Fabiański
94%
2020-21 Łukasz Fabiański
94%
2019-20 Łukasz Fabiański
94%
2018-19 Łukasz Fabiański
94%
2024-25 Alphonse Areola
91%
2023-24 Alphonse Areola
91%
2017-18 Adrián
58%
2015-16 Adrián
58%
2014-15 Adrián
58%
2013-14 Adrián
58%
2002-03 David James
49%
2001-02 David James
49%
2010-11 Robert Green
47%
2009-10 Robert Green
47%
2008-09 Robert Green
47%
2007-08 Robert Green
47%
2006-07 Robert Green
47%
2017-18 Joe Hart
46%
2000-01 Shaka Hislop
42%
1999-00 Shaka Hislop
42%
1998-99 Shaka Hislop
42%
1997-98 Luděk Mikloško
38%
1996-97 Luděk Mikloško
38%
1995-96 Luděk Mikloško
38%
1994-95 Luděk Mikloško
38%
1993-94 Luděk Mikloško
38%
1991-92 Luděk Mikloško
38%
2016-17 Darren Randolph
37%
1986-87 Phil Parkes
27%
1985-86 Phil Parkes
27%
1983-84 Phil Parkes
27%
1982-83 Phil Parkes
27%
1981-82 Phil Parkes
27%
2012-13 Jussi Jääskeläinen
25%
1977-78 Mervyn Day
19%
1976-77 Mervyn Day
19%
1975-76 Mervyn Day
19%
1974-75 Mervyn Day
19%
1973-74 Mervyn Day
19%
1997-98 Craig Forrest
17%
2005-06 Roy Carroll
17%
1972-73 Bobby Ferguson
15%
1971-72 Bobby Ferguson
15%
1970-71 Bobby Ferguson
15%
1969-70 Bobby Ferguson
15%
1968-69 Bobby Ferguson
15%
1967-68 Bobby Ferguson
15%
1966-67 Jim Standen
11%
1965-66 Jim Standen
11%
1964-65 Jim Standen
11%
1963-64 Jim Standen
11%
1988-89 Allen McKnight
10%
1958-59 Ernie Gregory
6%
1962-63 Lawrie Leslie
6%
1961-62 Lawrie Leslie
6%
1987-88 Thomas McAlister
6%
1984-85 Thomas McAlister
6%
1960-61 Brian Rhodes
4%
1959-60 Noel Dwyer
4%
No matching quizzes found
Score Distribution
Percent of People with Each Score
Percentile by Number Answered
Your Score History
You have not taken this quiz since the last reset